Normal view
MARC view
Entry Personal Name
001 - CONTROL NUMBER
- control field: 63939
003 - CONTROL NUMBER IDENTIFIER
- control field: dpl
005 - DATE AND TIME OF LATEST TRANSACTION
- control field: 20240326153416.0
008 - FIXED-LENGTH DATA ELEMENTS
- fixed length control field: 240326|| aca||aabn | a|a d
040 ## - CATALOGING SOURCE
- Original cataloging agency: dpl
- Transcribing agency: dpl
100 ## - HEADING--PERSONAL NAME
- Personal name: Raghavan, Sangeeta
670 ## - SOURCE DATA FOUND
- Source citation: Work cat.: (dpl)201774: Raghavan, Vijay 63938, Holistic Reiki/, 2023
